LEADER 01035nam a2200241 a 4500 001 000000040642 003 CaOOAMICUS 005 20130725114945.0 008 980529s1946 it u000 u ita r 035 $a10796865 040 $aPUL(R)$bita 100 1 $aCalasso, Francesco,$d1904-1965.$0(OLS)http://pul/name/7428 245 10$aLezioni di storia del diritto italiano :$bgli ordinamenti giuridici del Rinascimento /$cFrancesco Calasso. 260 $aMilano :$bGiuffrè,$c1946. 300 $a270 p. ;$c24 cm 500 $aContiene indici. 504 $aBibliografia in nota. 650 4$aDiritto$zItalia$xStoria.$0(OLS)http://pul/subject/5768 850 $aPUL 852 $aPUL$W1$xDP2 Diritto e Scienze Sociali 1$y65$m181 D 50b$j55206$nBK-PRI$qStampati$B55206$CPULBib$Z2$F55206 $H12296 $82 941 1 $a8 996 $6245$aLezioni di storia del diritto italiano :$bgli ordinamenti giuridici del Rinascimento$9(OLS)http://pul/title/54814 996 $6260$aMilano :$bGiuffrè$9(OLS)http://pul/publisher/48401 LEADER 01162nam a2200289 u 4500 001 000000045557 003 CaOOAMICUS 005 20070226114657.0 008 990607s1963 fr u000 u fre u 035 $a10825673 040 $aPUL(R)$bita 041 1 $afre$hlat 110 2 $aPapi (1958-1963 : Iohannes PP. XXIII).$0(OLS)http://pul/name/18013 240 10$aPacem in terris.$lFrancese.$0(OLS)http://pul/title/61425 245 10$aEncyclique Pacem in terris /$ccommentaire et index analytique par L'action populaire. 260 $aParis :$bSpes,$c1963. 300 $a204 p. ;$c19 cm 500 $aIn testa al front.: Jean XXIII. 500 $aContiene indice analitico : pp. 197-204. 850 $aPUL 852 $aPUL$W1$xDP1 Cons. Gen., Altre Classi 1$y22$m43 G 30$j61194$nBK-PRI$b $qStampati$B61194$CPULBib$Z2$F61194 $H $81 900 $aIohannes PP.$bXXIII,$cs.,$d1881-1963$918013 900 $aIohannes PP.$bXXIII,$cs.,$d1881-1963$918013 941 1 $a8 961 $aINV: 49363 996 $6245$aEncyclique Pacem in terris$9(OLS)http://pul/title/61426 996 $6260$aParis :$bSpes$9(OLS)http://pul/publisher/58301